Daño ambiental/Andrés Mauricio Briceño Chaves, Philipe Brun, Filipo Ernesto Burgos Guzmán...[et al.] (Registro nro. 18676)

Detalles MARC
000 -LEADER
fixed length control field 00519nam a22001691a 4500
001 - CONTROL NUMBER
control field 18676
003 - CONTROL NUMBER IDENTIFIER
control field OSt
005 - DATE AND TIME OF LATEST TRANSACTION
control field 20260204212417.0
008 - FIXED-LENGTH DATA ELEMENTS--GENERAL INFORMATION
fixed length control field 180420s2009||||ck ||||||b||||||||||spa||
020 ## - NUMERO DE LIBRO INTERNACIONAL NORMALIZADO
International Standard Book Number 9789587104042
082 ## - DEWEY DECIMAL CLASSIFICATION NUMBER
Classification number 333.7 137 D199a
245 ## - TÍTULO PROPIAMENTE DICHO: SUBTÍTULO
Title Daño ambiental/Andrés Mauricio Briceño Chaves, Philipe Brun, Filipo Ernesto Burgos Guzmán...[et al.]
264 ## - PRODUCTION, PUBLICATION, DISTRIBUTION, MANUFACTURE, AND COPYRIGHT NOTICE
Place of production, publication, distribution, manufacture Bogotá:Universidad Externado de Colombia
300 ## - PHYSICAL DESCRIPTION
Extensión 274 p.
650 ## - ASIENTO SECUNDARIO DE MATERIA -- TERMINO TEMÁTICO
Termino Temático Como Elemento de Entrada Medio ambiente 2.Contaminación ambientalÌ
942 ## - ADDED ENTRY ELEMENTS (KOHA)
Source of classification or shelving scheme Dewey Decimal Classification
Koha item type Libros
Existencias
Withdrawn status Lost status Source of classification or shelving scheme Damaged status Not for loan Current library Date acquired Total Checkouts Full call number Barcode Date last seen Price effective from Koha item type
    Dewey Decimal Classification     Biblioteca UTECO 09/09/2019   333.7 137 D199A 018215 09/09/2019 09/09/2019 Libros
    Dewey Decimal Classification     Biblioteca UTECO 09/09/2019   333.7 137 D199A 018216 09/09/2019 09/09/2019 Libros
© 2021 Derechos Reservados UTECO - Teléfono: +1 809-585-2291 - Correo electrónico: biblioteca@uteco.edu.do​  
Código postal 43000 ​​
Dirección: Avenida Universitaria No. 100, 
Cotuí, Provincia Sánchez Ramírez, República Dominicana - RNC: 404-00059-6